<?xml version="1.0" encoding="UTF-8"?>
<record
    xmlns:xsi="http://www.w3.org/2001/XMLSchema-instance"
    xsi:schemaLocation="http://www.loc.gov/MARC21/slim http://www.loc.gov/standards/marcxml/schema/MARC21slim.xsd"
    xmlns="http://www.loc.gov/MARC21/slim">

  <leader>00636nam a2200193   4500</leader>
  <controlfield tag="001">82854</controlfield>
  <controlfield tag="003">BD-RjUL</controlfield>
  <controlfield tag="005">20240130093405.0</controlfield>
  <controlfield tag="008">240130s1935    ii ||||| |||| 00| 0 per d</controlfield>
  <datafield tag="035" ind1=" " ind2=" ">
    <subfield code="a">(BD-RjUL)82854</subfield>
  </datafield>
  <datafield tag="040" ind1=" " ind2=" ">
    <subfield code="a">BD-RjUL</subfield>
    <subfield code="b">eng</subfield>
    <subfield code="c">BD-RjUL</subfield>
  </datafield>
  <datafield tag="041" ind1=" " ind2=" ">
    <subfield code="a">per</subfield>
  </datafield>
  <datafield tag="082" ind1=" " ind2=" ">
    <subfield code="2">23</subfield>
    <subfield code="a">297.6</subfield>
  </datafield>
  <datafield tag="100" ind1=" " ind2=" ">
    <subfield code="a">&#x62F;&#x627;&#x631;&#x627; &#x634;&#x643;&#x648;&#x647;,  &#x645;&#x62D;&#x645;&#x62F; ;; Dara Shikoh, Muhammad</subfield>
    <subfield code="9">11253</subfield>
  </datafield>
  <datafield tag="245" ind1="1" ind2="0">
    <subfield code="a">&#x631;&#x633;&#x627;&#x644;&#x647; &#x62D;&#x642; &#x646;&#x645;&#x627; ;; Ris&#x101;lah-yi &#x1E25;aq num&#x101; /</subfield>
    <subfield code="c">:&#x645;&#x62D;&#x645;&#x62F; &#x62F;&#x627;&#x631;&#x627; &#x634;&#x643;&#x648;&#x647; &#x61B; &#x645;&#x62A;&#x631;&#x62C;&#x645;&#x60C; &#x639;&#x627;&#x62F;&#x644; &#x627;&#x633;&#x649;&#x631; &#x62F;&#x647;&#x644;&#x648;&#x649;  translated by: Aadil Aseer Dehlavi, D&#x101;r&#x101; Shik&#x16B;h</subfield>
  </datafield>
  <datafield tag="300" ind1=" " ind2=" ">
    <subfield code="a">27 cm</subfield>
    <subfield code="c">18 cm</subfield>
  </datafield>
  <datafield tag="650" ind1=" " ind2=" ">
    <subfield code="a">Islam</subfield>
  </datafield>
  <datafield tag="942" ind1=" " ind2=" ">
    <subfield code="2">ddc</subfield>
    <subfield code="c">BK</subfield>
  </datafield>
  <datafield tag="999" ind1=" " ind2=" ">
    <subfield code="c">82854</subfield>
    <subfield code="d">82854</subfield>
  </datafield>
  <datafield tag="952" ind1=" " ind2=" ">
    <subfield code="0">0</subfield>
    <subfield code="1">0</subfield>
    <subfield code="2">ddc</subfield>
    <subfield code="4">0</subfield>
    <subfield code="7">1</subfield>
    <subfield code="8">NFIC</subfield>
    <subfield code="a">RUCL</subfield>
    <subfield code="b">RUCL</subfield>
    <subfield code="c">Reading</subfield>
    <subfield code="d">2024-01-30</subfield>
    <subfield code="l">0</subfield>
    <subfield code="o">F 297.6 DAR 1938</subfield>
    <subfield code="r">2024-01-30 00:00:00</subfield>
    <subfield code="t">C-1</subfield>
    <subfield code="w">2024-01-30</subfield>
    <subfield code="y">BK</subfield>
  </datafield>
</record>
